| 000 | 00725nam a2200253 a 4500 | ||
|---|---|---|---|
| 001 | 2845 | ||
| 003 | BD-RjUL | ||
| 005 | 20211208233629.0 | ||
| 008 | 750414s19511933xx 000 0 eng | ||
| 035 | _a(BD-RjUL)2872 | ||
| 035 | _a(OCoLC)1275908 | ||
| 040 |
_aDLC _cOAU _dUk _dDLC _beng |
||
| 041 | _aeng | ||
| 082 | 0 | 4 |
_a338.0941 _bALB 1951 |
| 100 | 1 |
_aAllen, G. C. _q(George Cyril), _d1900-1982. _97440 |
|
| 245 | 1 | 0 |
_aBritish industries and their organization / _cG. C. Allen |
| 250 | _a3rd ed. | ||
| 260 |
_aLondon ; _aNew York : _bLongmans, _c1951 |
||
| 300 |
_axi, 289 p.; _c22 cm. |
||
| 504 | _aBibliography: p. 278-284. | ||
| 650 | 0 |
_aIndustries _zGreat Britain _99130 |
|
| 942 |
_2ddc _cBK |
||
| 999 |
_c2845 _d2845 |
||